书目信息 |
| 题名: |
世界著名摇滚乐吉他曲新编
|
|
| 作者: | 庄少陵 编 | |
| 分册: | ||
| 出版信息: | 北京 国际文化出版公司 1988 |
|
| 页数: | 4册 | |
| 开本: | 26厘米 | |
| 丛书名: | OK吉他系列丛书 | |
| 单 册: | ||
| 中图分类: | J657.32 | |
| 科图分类: | ||
| 主题词: | ||
| 电子资源: | ||
| ISBN: | 7-80049-074-2 | |
| 000 | 00723nam2 2200241 450 | |
| 001 | 0100294644 | |
| 005 | 20020928000000.0 | |
| 010 | @a7-80049-074-2@dCNY1.90 | |
| 011 | @a7-80049-074-2 | |
| 100 | @a19911017d1988 m y0chiy0110 ea | |
| 101 | 0 | @achi |
| 102 | @aCN@b110000 | |
| 105 | @ag z 000yy | |
| 106 | @ar | |
| 200 | 1 | @a世界著名摇滚乐吉他曲新编@9Shi Jie Zhu;Zhuo Ming Yao Gun Le;Yue Ji Ta Qu Xin Bian @f庄少陵编@b专著 |
| 210 | @a北京@c国际文化出版公司@d1988 | |
| 215 | @a4册@d26厘米 | |
| 225 | 2 | @aOK吉他系列丛书 |
| 410 | 0 | @12001 @aOK吉他系列丛书 |
| 690 | @aJ657.32@v1980 | |
| 701 | 0 | @a庄少陵@f(1934~)@9zhuang shao ling@4编 |
| 801 | 0 | @aCN@bAiZhiMarc@c19911017 |
| 905 | @aBZT@dJ657.32@e12@f1@sJ657.32/12 | |
| 世界著名摇滚乐吉他曲新编/庄少陵编.-北京:国际文化出版公司,1988 |
| 4册;26厘米.-(OK吉他系列丛书) |
| ISBN 7-80049-074-2:CNY1.90 |
| ● |
| 相关链接 |
|
|
|
正题名:世界著名摇滚乐吉他曲新编
索取号:J657.32/12
 
预约/预借
| 序号 | 登录号 | 条形码 | 馆藏地/架位号 | 状态 | 备注 |
| 1 | 2000047784 | 2000047784 | 旧书回溯/ [索取号:J657.32/12] | 在馆 |